Seguimiento de la práctica pedagógica en educación indígena a partir de la incorporación de referentes de desempeño docente en el aula : Chiapas Caso 2.

Spremljeno u:
Bibliografski detalji
Autor kompanije: Centro de Estudios Educativos (México)
Format: Knjiga
Jezik:španjolski
Teme:
Oznake: Dodaj oznaku
Bez oznaka, Budi prvi tko označuje ovaj zapis!

MARC

LEADER 00000nam^a2200000^u^4500
001 000510007
005 20250521000000.0
008 091125s1000^^^^^^^^^^^^r^^^^^000^0^spa^d
009 20260310130115.65
035 |a FCE 000054216 
037 |a Acervo ITESO - Biblioteca 
041 |a spa 
082 0 4 |a 371.144  |b CEEs CHIS C-2 
110 |a Centro de Estudios Educativos (México) 
245 1 0 |a Seguimiento de la práctica pedagógica en educación indígena a partir de la incorporación de referentes de desempeño docente en el aula :  |b Chiapas Caso 2. 
264 |a México :  |b CEE,  |c 2009. 
300 |a 216 p. 
336 |a texto  |b txt  |2 rdacontenido 
337 |a sin mediación  |b n  |2 rdamedio 
338 |a volumen  |b nc  |2 rdasoporte 
649 |a XX 
650 |a Educación indígena 
650 |a Evaluación de la enseñanza 
650 |a Mejora de la educación 
650 |a Escuela multigrado 
650 |a Actividades de la clase 
650 |a Evaluación del docente 
650 |a Práctica pedagógica 
650 |a Desempeño docente 
650 |a Chiapas, México 
910 |a Fondo Centro de Estudios Educativos 
920 |a Impresos - Libros 
930 |a Fondos Especiales 
905 |a 133 
901 |a ALE067577  |b IT2  |c CEE  |u 20250521 
901 |a ALE068023  |b IT2  |c CEE  |u 20250521 
902 |a https://opac.biblio.iteso.mx/vufind/Record/000510007